| 000 | 00383nam a22001457a 4500 | ||
|---|---|---|---|
| 005 | 20240130113846.0 | ||
| 008 | 240130b |||||||| |||| 00| 0 eng d | ||
| 020 | _a81-203-1235-X | ||
| 041 | _aeng | ||
| 100 |
_aLEVIN, RICHARD I. AND RUBIN, DAVID S. _92409 |
||
| 245 | _aSTATISTICS FOR MANAGEMENT | ||
| 250 | _a7TH ED. | ||
| 260 |
_aINDIA _bPRENTICS HALL OF INDIA _c2002 |
||
| 942 | _cBK | ||
| 999 |
_c8502 _d8500 |
||